00402nam a22001217a 4500003000400000082001900004100001900023245015300042260004700195300000700242650001600249653001500265SGT a617.6342bC24G aGhosh, Arijit  aCBCT and radiographic evaluation of periapical healing of teeth obturated with AH plus and bioceramic sealerbA randomized controlled clinical trial aSGT UniversitybFaculty of Cons. Dentistry a95 aEndodontics aBioceramic